Cải cách & chấn hưng giáo dục
Đã lưu trong:
| Hovedforfatter: | |
|---|---|
| Andre forfattere: | |
| Sprog: | Undetermined |
| Udgivet: |
Tp. Hồ Chí Minh
Tổng hợp Tp. Hồ Chí Minh
2005
|
| Fag: | |
| Tags: |
Tilføj Tag
Ingen Tags, Vær først til at tagge denne postø!
|
| Thư viện lưu trữ: | Trung tâm Học liệu Trường Đại học Trà Vinh |
|---|
| LEADER | 00597nam a2200217Ia 4500 | ||
|---|---|---|---|
| 001 | TVU_241 | ||
| 008 | 210423s9999 xx 000 0 und d | ||
| 041 | |a Vie | ||
| 082 | |a 371.39 | ||
| 082 | |b T523 | ||
| 100 | |a Hoàng, Tụy | ||
| 245 | 0 | |a Cải cách & chấn hưng giáo dục | |
| 245 | 0 | |c Hoàng Tụy (chủ biên) | |
| 260 | |a Tp. Hồ Chí Minh | ||
| 260 | |b Tổng hợp Tp. Hồ Chí Minh | ||
| 260 | |c 2005 | ||
| 300 | |a 511 tr. | ||
| 300 | |c 27 cm | ||
| 650 | |a Giáo dục; Cải cách Giáo dục | ||
| 700 | |a Hoàng Tụy | ||
| 980 | |a Trung tâm Học liệu Trường Đại học Trà Vinh | ||